| 000 -LEADER |
| fixed length control field |
00644nam a2200193Ia 4500 |
| 001 - CONTROL NUMBER |
| control field |
11837 |
| 003 - CONTROL NUMBER IDENTIFIER |
| control field |
GE_BSU |
| 008 - FIXED-LENGTH DATA ELEMENTS--GENERAL INFORMATION |
| fixed length control field |
181216s||||||||xx |||||||||||||| ||und|| |
| 040 ## - CATALOGING SOURCE |
| Transcribing agency |
GE_BSU |
| 080 ## - UNIVERSAL DECIMAL CLASSIFICATION NUMBER |
| Universal Decimal Classification number |
8(038)+8(031) |
| 245 ## - TITLE STATEMENT |
| Title |
Литературная энциклопедия. Т.3 |
| 245 ## - TITLE STATEMENT |
| Statement of responsibility, etc. |
Редакц. колл.И.М.Беспалов, П.И.Лебедев-Полянский,И.Л.Маца и др. |
| 260 ## - PUBLICATION, DISTRIBUTION, ETC. |
| Place of publication, distribution, etc. |
Москва |
| 260 ## - PUBLICATION, DISTRIBUTION, ETC. |
| Name of publisher, distributor, etc. |
Изд-во коммунистической акад. |
| 260 ## - PUBLICATION, DISTRIBUTION, ETC. |
| Date of publication, distribution, etc. |
1930 |
| 300 ## - PHYSICAL DESCRIPTION |
| Extent |
634стр.25см.илл. |
| 653 ## - INDEX TERM--UNCONTROLLED |
| Uncontrolled term |
Литературная энциклопедия |
| 942 ## - ADDED ENTRY ELEMENTS (KOHA) |
| Koha item type |
წიგნი |